[Event "RUS-Cup01 Chigorin Memorial"]
[Site "St Petersburg"]
[Date "1996.??.??"]
[Round "7"]
[White "Filippov, Valerij"]
[Black "Savon, Vladimir A"]
[Result "0-1"]
[WhiteElo "2565"]
[BlackElo "2435"]
[Annotator "Shipov,S"]
[PlyCount "134"]
[EventDate "1996.11.??"]
[EventType "swiss"]
[EventRounds "9"]
[EventCountry "RUS"]
[SourceTitle "CBM 056 Extra"]
[Source "ChessBase"]
[SourceDate "1997.03.01"]
[SourceVersion "1"]
[SourceVersionDate "1997.03.01"]
[SourceQuality "1"]

1. Nf3 Nf6 2. c4 b6 3. g3 Bb7 4. Bg2 e6 5. Nc3 Be7 6. d4 O-O 7. d5 Bb4 8. O-O
Na6 9. Nh4 (9. Ne5 $5 Bxc3 10. bxc3 Nc5 11. Ba3 Rb8 12. Bxc5 bxc5 13. Rb1 exd5
14. cxd5 Re8 15. Nc4 Ba6 16. Qa4 Bxc4 17. Qxc4 d6 18. a4 $1 Qc8 19. a5 $1 $14 {
Epishin,V-Brynell,S/Malme/1994/1:0/35/}) 9... Bxc3 (9... Nc5 $6 10. Na4 $1 exd5
11. a3 Nxa4 12. axb4 b5 13. cxd5 Re8 14. Qd3 Nb6 15. e4 d6 16. Nf5 a6 17. b3
$16 {Romanishin,O-Tiviakov,S/Belgrad/1993/1:0/29/}) 10. bxc3 Rb8 (10... e5 11.
e4 d6 12. f4 exf4 13. Nf5 (13. gxf4 Nxe4 $1) 13... Bc8 14. Nxg7 $6 Kxg7 15. Qd4
Kg8 16. gxf4 Nc5 17. e5 Ng4 $17 {Filippov,V-Tiviakov,S/Elista/1995/0:1/32/}) (
10... Nc5 11. Ba3 Rb8 12. Bxc5 bxc5 13. Rb1 exd5 14. cxd5 Ba6 15. Re1 d6 16.
Rxb8 Qxb8 17. Qd2 Re8 18. e4 $14 {Shneider,A-Brynell,S/Aars/1995/1:0/33/}) 11.
e4 d6 12. f4 (12. Be3 Re8 13. Re1 Nd7 14. Nf3 Nac5 15. Qc2 Qf6 16. Bd4 Qh6 17.
h3 Ba6 18. Bf1 exd5 19. exd5 Qg6 $10 {Romanishin,O-Markovsky,T/Biel/1995/0.5/
37/}) 12... Nd7 13. Nf3 e5 14. fxe5 (14. Be3 Nac5 15. Nd2 Ba6 $10) 14... Nxe5
15. Nxe5 dxe5 16. Ba3 Nc5 17. Bxc5 bxc5 18. Qa4 Qd6 $1 19. Rfb1 (19. Qxa7 $2
Ba6 20. Rab1 Ra8 $19) (19. Rab1 $1) 19... Ba6 20. Rb3 (20. Kh1 $5 Rb6 21. Bh3 {
/\ Bd7/}) 20... Rb6 21. Rab1 (21. Bh3 Qh6 $1 $17) 21... Bc8 $1 22. Qa3 (22.
Qxa7 Ra6 23. Qb8 Rxa2 $15) 22... Bd7 $15 23. Ra1 $6 (23. Qa5) 23... g6 24. Qc1
Rfb8 25. Qh6 a5 26. h4 a4 27. Rxb6 Rxb6 $17 {<-> b/} 28. h5 Qf8 29. Qe3 f6 30.
a3 g5 31. Bf3 Kg7 32. Rf1 Rb3 33. Bd1 Rb1 (33... Rxa3 $2 34. Qc1 Ra2 35. Qb1
Rd2 36. Qc1 Ra2 (36... Rd3 37. Kg2 {/\ Be2/}) 37. Qb1 $10) 34. Qf2 h6 35. Kg2 (
35. Qa2 $5 Rb6 36. Kg2 Qb8 37. Qf2 $17) 35... Qd6 36. Qd2 Qb6 37. Rf2 Ra1 38.
Rf1 Kf7 $2 (38... Rxa3 $1 39. d6 $5 cxd6 (39... Qxd6 $2 40. Qb2 Rb3 $8 41. Bxb3
$10) 40. Qf2 d5 $1 (40... Qd8 $2 41. Qb2 $10) 41. exd5 Rxc3 $19) 39. Qf2 Ke7
40. Bc2 $1 (40. Qd2 Rxa3 41. d6+ cxd6 42. Qf2 d5 $17) 40... Rxa3 41. Rb1 Qd6
42. Rb8 {<=>/} Kf7 (42... Ra2 43. Rh8) 43. Bd1 Ra1 44. Bf3 a3 45. Qe2 (45. Ra8
Qb6 {/\ Qb2/}) 45... Qa6 $1 (45... a2 $2 46. Ra8) 46. Bg4 a2 $1 47. Bxd7 Rb1 $2
(47... Rg1+ $1 48. Kxg1 a1=Q+ 49. Kg2 Qxc3 $19) 48. Be8+ Ke7 (48... Kg7 $1 49.
Qg4 $1 Rg1+ (49... Qd6 $2 50. Qf5 Rg1+ 51. Kh3 Rh1+ 52. Kg4 $18) (49... Rxb8 $2
50. Qd7+ Kh8 51. Bg6 $18) 50. Kh2 Rh1+ 51. Kg2 Rg1+ $10) 49. Qg4 $1 Qd6 $2 (
49... Rg1+ 50. Kh2 Rh1+ 51. Kg2 Rg1+ $10) 50. Ra8 a1=Q 51. Rxa1 Rxa1 52. Qc8 {
/\ Bg6|^/} f5 (52... c6 $5 {/\ Ra7/}) 53. Bg6 (53. exf5 $2 e4 54. Bg6 Rg1+ 55.
Kxg1 Qxg3+ $10) 53... Ra2+ 54. Kf1 Ra1+ 55. Ke2 Ra2+ 56. Kd3 $2 (56. Ke3 $1 f4+
57. Kd3 $18 Qd7 58. Qh8 Qd6) 56... fxe4+ 57. Kxe4 $2 (57. Ke3 $1 Qf6 58. Qxc7+
Kf8 59. Qxc5+ Kg7 60. Qc7+ Kf8 $10) 57... Qd7 $1 58. Qxd7+ (58. Qh8 $2 Qg4+ 59.
Kxe5 Re2+) 58... Kxd7 59. Kxe5 Ke7 $19 60. Be4 Ra3 61. Kf5 Rxc3 62. Kg6 Rxc4
63. Bf5 Rd4 64. Kxh6 Kf6 65. Bb1 Rg4 66. Kh7 Rxg3 67. h6 Rh3 0-1

[Event "RUS-Cup01 Chigorin Memorial"]
[Site "St Petersburg"]
[Date "1996.??.??"]
[Round "8"]
[White "Savon, Vladimir A"]
[Black "Kalegin, Evgenij"]
[Result "1-0"]
[WhiteElo "2435"]
[BlackElo "2500"]
[PlyCount "82"]
[EventDate "1996.11.??"]
[EventType "swiss"]
[EventRounds "9"]
[EventCountry "RUS"]
[SourceTitle "CBM 056 Extra"]
[Source "ChessBase"]
[SourceDate "1997.03.01"]
[SourceVersion "1"]
[SourceVersionDate "1997.03.01"]
[SourceQuality "1"]

1. d4 Nf6 2. Nf3 g6 3. g3 Bg7 4. Bg2 O-O 5. O-O c6 6. b3 d5 7. Bb2 Ne4 8. Nbd2
f5 9. c4 Be6 10. Rc1 Nd7 11. e3 h6 12. Qc2 g5 13. Rfd1 Qe8 14. cxd5 cxd5 15.
Ne5 Nd6 16. Qc7 Nf6 17. Ba3 Rc8 18. Qa5 b6 19. Qa6 Nfe4 20. Nxe4 fxe4 21. Bb4
Qh5 22. Qxa7 Rce8 23. Rd2 Bh3 24. Bxh3 Qxh3 25. Qd7 Nf5 26. Qxd5+ e6 27. Qxe4
Bxe5 28. dxe5 Rc8 29. Rcd1 Rf7 30. Rd8+ Rxd8 31. Rxd8+ Kg7 32. Qa8 Kg6 33. Rg8+
Ng7 34. Qe4+ Kh5 35. f3 g4 36. fxg4+ Qxg4 37. Qxg4+ Kxg4 38. Bf8 Kf3 39. Bxg7
Rd7 40. Rf8+ Kxe3 41. Bxh6+ Ke4 1-0

[Event "Orel"]
[Site "Orel"]
[Date "1997.??.??"]
[Round "?"]
[White "Savon, Vladimir A"]
[Black "Lunev, Andrey"]
[Result "1-0"]
[WhiteElo "2445"]
[BlackElo "2400"]
[PlyCount "91"]
[EventDate "1997.??.??"]
[EventType "tourn"]
[EventRounds "9"]
[EventCountry "RUS"]
[EventCategory "8"]
[SourceTitle "EXT 1999"]
[Source "ChessBase"]
[SourceDate "1998.11.16"]
[SourceVersion "1"]
[SourceVersionDate "1998.11.16"]
[SourceQuality "1"]

1. d4 e6 2. Nf3 d5 3. c4 c6 4. Qc2 Nf6 5. g3 Nbd7 6. Bg2 Bd6 7. Nbd2 O-O 8. O-O
Re8 9. b3 e5 10. cxd5 cxd5 11. dxe5 Nxe5 12. Bb2 Nc6 13. e3 Bg4 14. a3 Rc8 15.
Qd3 Bf8 16. b4 Ne4 17. Nb3 a6 18. Rac1 Qd7 19. Nbd4 Na7 20. Nd2 Nf6 21. N2b3
Bh5 22. Nf5 Bg6 23. Bh3 Qd8 24. Qd4 Nc6 25. Qf4 Re4 26. Qf3 Rc7 27. Nd2 Re8 28.
Qf4 Bxf5 29. Bxf5 Bd6 30. Qh4 Be5 31. Bxe5 Nxe5 32. Bxh7+ Kf8 33. Bf5 g6 34.
Rxc7 Qxc7 35. Qxf6 gxf5 36. Qxf5 Qc3 37. Nf3 Nxf3+ 38. Qxf3 Qxa3 39. Qf4 Qd3
40. Rc1 b5 41. h4 Qg6 42. Qd4 Qf5 43. Rc6 Re6 44. Qh8+ Ke7 45. Rc7+ Kd6 46. Qb8
1-0

[Event "RUS-chT2"]
[Site "Orel"]
[Date "1997.??.??"]
[Round "?"]
[White "Savon, Vladimir A"]
[Black "Frolov, Denis"]
[Result "1-0"]
[WhiteElo "2445"]
[BlackElo "2330"]
[PlyCount "37"]
[EventDate "1997.??.??"]
[EventType "team"]
[EventRounds "10"]
[EventCountry "RUS"]
[SourceTitle "EXT 1999"]
[Source "ChessBase"]
[SourceDate "1998.11.16"]
[SourceVersion "1"]
[SourceVersionDate "1998.11.16"]
[SourceQuality "1"]

1. d4 Nf6 2. Nf3 g6 3. c4 Bg7 4. Nc3 O-O 5. Bg5 h6 6. Bh4 d6 7. e3 Nbd7 8. Qc2
c6 9. Be2 Re8 10. O-O g5 11. Bg3 Nh5 12. Nxg5 Nxg3 13. Qh7+ Kf8 14. Ne6+ fxe6
15. fxg3+ Nf6 16. Bh5 Bd7 17. Ne4 d5 18. Nc5 dxc4 19. Rf4 1-0

[Event "RUS-chT2"]
[Site "Orel"]
[Date "1997.??.??"]
[Round "?"]
[White "Savon, Vladimir A"]
[Black "Rogovskoy, Alexander"]
[Result "1-0"]
[WhiteElo "2445"]
[BlackElo "2405"]
[PlyCount "61"]
[EventDate "1997.??.??"]
[EventType "team"]
[EventRounds "10"]
[EventCountry "RUS"]
[SourceTitle "EXT 1999"]
[Source "ChessBase"]
[SourceDate "1998.11.16"]
[SourceVersion "1"]
[SourceVersionDate "1998.11.16"]
[SourceQuality "1"]

1. d4 e6 2. c4 f5 3. Nf3 Nf6 4. g3 Be7 5. Bg2 O-O 6. O-O d6 7. b3 a5 8. Nc3 Qe8
9. Bb2 Nc6 10. d5 Nd8 11. dxe6 Nxe6 12. e3 Nc5 13. Nd4 c6 14. Qc2 Ng4 15. Rad1
Bd7 16. h3 Ne5 17. f4 Ng6 18. Kh2 Qf7 19. e4 fxe4 20. Nxe4 Nxe4 21. Bxe4 Rfe8
22. Nf5 Bxf5 23. Bxf5 Rad8 24. Rfe1 Bf8 25. Bd4 d5 26. Bb6 Bb4 27. Rxe8+ Rxe8
28. cxd5 cxd5 29. Qd3 Re1 30. Rxe1 Bxe1 31. Bg4 1-0

[Event "Sochi"]
[Site "Sochi"]
[Date "1997.??.??"]
[Round "?"]
[White "Savon, Vladimir A"]
[Black "Zhelnin, Vladimir V"]
[Result "1-0"]
[WhiteElo "2445"]
[BlackElo "2475"]
[PlyCount "55"]
[EventDate "1997.??.??"]
[EventType "tourn"]
[EventRounds "13"]
[EventCountry "RUS"]
[EventCategory "8"]
[SourceTitle "EXT 1999"]
[Source "ChessBase"]
[SourceDate "1998.11.16"]
[SourceVersion "1"]
[SourceVersionDate "1998.11.16"]
[SourceQuality "1"]

1. d4 Nf6 2. Nf3 b5 3. e3 a6 4. a4 b4 5. Bd3 Bb7 6. Qe2 d5 7. Nbd2 e6 8. e4 Be7
9. e5 Nfd7 10. Nb3 a5 11. h4 h6 12. Be3 c6 13. Rh3 Ba6 14. h5 Bxd3 15. cxd3 f5
16. exf6 Bxf6 17. Bf4 Qe7 18. Rg3 Kf7 19. Rc1 Rc8 20. Ne5+ Nxe5 21. dxe5 Bh4
22. Rg6 Nd7 23. Qg4 Bg5 24. Bxg5 hxg5 25. Rxg5 Rg8 26. Rxc6 Ra7 27. Nd4 Nf8 28.
Nb5 1-0

[Event "Orel"]
[Site "Orel"]
[Date "1998.??.??"]
[Round "10"]
[White "Mirzoian, Mikhail"]
[Black "Savon, Vladimir A"]
[Result "0-1"]
[WhiteElo "2355"]
[BlackElo "2425"]
[PlyCount "60"]
[EventDate "1998.??.??"]
[EventType "tourn"]
[EventRounds "13"]
[EventCountry "RUS"]
[EventCategory "6"]
[SourceTitle "EXT 2002"]
[Source "ChessBase"]
[SourceDate "2001.11.25"]
[SourceVersion "1"]
[SourceVersionDate "2001.11.25"]
[SourceQuality "1"]

1. e4 c5 2. c3 e6 3. d4 cxd4 4. cxd4 d5 5. e5 Nc6 6. Nf3 Bb4+ 7. Nc3 h6 8. Bd3
Nge7 9. O-O Nf5 10. Bxf5 exf5 11. Ne2 Be6 12. Nf4 g6 13. g3 Qb6 14. Be3 Be7 15.
Qd2 Qb4 16. Qd3 O-O-O 17. a3 Qb6 18. b4 g5 19. Nxe6 fxe6 20. b5 Na5 21. Nd2 Kb8
22. a4 Rc8 23. Nb3 Nxb3 24. Qxb3 f4 25. a5 Qd8 26. Bd2 Rc4 27. Qd3 Qe8 28. b6
a6 29. Rfc1 Qb5 30. Rcb1 Rc1+ 0-1

[Event "Orel"]
[Site "Orel"]
[Date "1998.??.??"]
[Round "12"]
[White "Tevtyuev, Sergei"]
[Black "Savon, Vladimir A"]
[Result "0-1"]
[WhiteElo "2370"]
[BlackElo "2425"]
[PlyCount "72"]
[EventDate "1998.??.??"]
[EventType "tourn"]
[EventRounds "13"]
[EventCountry "RUS"]
[EventCategory "6"]
[SourceTitle "EXT 2002"]
[Source "ChessBase"]
[SourceDate "2001.11.25"]
[SourceVersion "1"]
[SourceVersionDate "2001.11.25"]
[SourceQuality "1"]

1. e4 c5 2. Nf3 e6 3. d4 cxd4 4. Nxd4 Nf6 5. Nc3 Nc6 6. Ndb5 Bb4 7. a3 Bxc3+ 8.
Nxc3 d5 9. exd5 exd5 10. Bd3 O-O 11. O-O d4 12. Ne2 Qd5 13. Ng3 Ne5 14. Bf4
Nxd3 15. Qxd3 Be6 16. Rad1 Rac8 17. Rd2 g5 18. Bxg5 Qxg5 19. f4 Qh4 20. Nf5
Bxf5 21. Qxf5 Rcd8 22. Qa5 Ng4 23. g3 Qe7 24. h3 b6 25. Qh5 Ne3 26. Rf3 Rd5 27.
f5 Rxf5 28. Rxf5 Nxf5 29. Qg4+ Ng7 30. Qxd4 Qe1+ 31. Kg2 Re8 32. h4 Nf5 33.
Qg4+ Kh8 34. Qg5 Ne3+ 35. Kf3 Qf1+ 36. Rf2 Qh1+ 0-1

[Event "Petrov Memorial op"]
[Site "St Petersburg"]
[Date "1998.??.??"]
[Round "9"]
[White "Savon, Vladimir A"]
[Black "Kirusha, Andrey"]
[Result "1-0"]
[WhiteElo "2425"]
[BlackElo "2315"]
[PlyCount "73"]
[EventDate "1998.02.??"]
[EventType "swiss"]
[EventRounds "9"]
[EventCountry "RUS"]
[SourceTitle "EXT 1999"]
[Source "ChessBase"]
[SourceDate "1998.11.16"]
[SourceVersion "1"]
[SourceVersionDate "1998.11.16"]
[SourceQuality "1"]

1. d3 e5 2. Nf3 d6 3. g3 Nf6 4. Bg2 g6 5. c4 Bg7 6. Nc3 Nc6 7. Rb1 a5 8. a3 O-O
9. O-O h6 10. b4 axb4 11. axb4 Ne7 12. Bb2 Be6 13. b5 Nd7 14. Ra1 Nc5 15. Rxa8
Qxa8 16. Qc2 Qc8 17. Ra1 Bh3 18. Ne4 Bxg2 19. Kxg2 Ne6 20. Nc3 Kh7 21. Nd5 Re8
22. e4 Ng8 23. Qd1 Nf6 24. Nxf6+ Bxf6 25. Bc1 Bg7 26. h4 Rf8 27. h5 g5 28. Nh2
Nc5 29. Be3 f5 30. Bxc5 dxc5 31. Ra7 Qe6 32. exf5 Qxf5 33. Qe2 b6 34. Rxc7 Rd8
35. Ng4 Qxd3 36. Qxd3+ Rxd3 37. Nf6+ 1-0

[Event "Alushta3"]
[Site "Alushta"]
[Date "1999.??.??"]
[Round "?"]
[White "Savon, Vladimir A"]
[Black "Gaprindashvili, Valerian"]
[Result "1-0"]
[WhiteElo "2427"]
[BlackElo "2414"]
[PlyCount "77"]
[EventDate "1999.??.??"]
[EventType "tourn"]
[EventRounds "13"]
[EventCountry "UKR"]
[EventCategory "7"]
[SourceTitle "EXT 2000"]
[Source "ChessBase"]
[SourceDate "1999.11.16"]
[SourceVersion "1"]
[SourceVersionDate "1999.11.16"]
[SourceQuality "1"]

1. Nf3 Nf6 2. c4 e6 3. e3 c5 4. b3 d5 5. cxd5 exd5 6. Bb5+ Nc6 7. Bb2 Bd6 8.
Bxc6+ bxc6 9. Be5 Be7 10. O-O O-O 11. Nc3 a5 12. Rc1 Ba6 13. Re1 Nd7 14. Bg3
Bd3 15. e4 dxe4 16. Nxe4 f5 17. Nd6 Ba6 18. Qc2 f4 19. Nf5 Rxf5 20. Qxf5 fxg3
21. Qe6+ Kf8 22. hxg3 Bc8 23. Qxc6 Ra6 24. Qd5 Rd6 25. Qc4 Ba6 26. Qf4+ Rf6 27.
Qe4 h6 28. d4 Bd6 29. Qh7 Kf7 30. Ne5+ Bxe5 31. dxe5 Re6 32. f4 Nf8 33. Qc2
Qd4+ 34. Qf2 Qxf2+ 35. Kxf2 Nd7 36. Re4 Bb5 37. Rce1 g6 38. g4 Bd3 39. f5 1-0

[Event "Alushta3"]
[Site "Alushta"]
[Date "1999.??.??"]
[Round "?"]
[White "Zubov, Oleksander"]
[Black "Savon, Vladimir A"]
[Result "0-1"]
[WhiteElo "2328"]
[BlackElo "2427"]
[PlyCount "167"]
[EventDate "1999.??.??"]
[EventType "tourn"]
[EventRounds "13"]
[EventCountry "UKR"]
[EventCategory "7"]
[SourceTitle "EXT 2000"]
[Source "ChessBase"]
[SourceDate "1999.11.16"]
[SourceVersion "1"]
[SourceVersionDate "1999.11.16"]
[SourceQuality "1"]

1. e4 e5 2. Nf3 Nc6 3. Bb5 Nf6 4. O-O Nxe4 5. d4 Nd6 6. Bxc6 dxc6 7. dxe5 Nf5
8. Qxd8+ Kxd8 9. Rd1+ Ke8 10. Nc3 h6 11. Ne2 Bc5 12. b3 a5 13. Bb2 a4 14. Nf4
Ne3 15. Rd3 a3 16. Bd4 Nxc2 17. Rc1 Nxd4 18. Rxc5 Ne6 19. Nxe6 Bxe6 20. Nd4 Ke7
21. f4 g6 22. Kf2 Rhd8 23. Ke3 Rd5 24. Rcc3 c5 25. Nb5 Rxd3+ 26. Kxd3 c6 27.
Nd6 b6 28. Nc4 Bxc4+ 29. Rxc4 Ke6 30. Ke4 f6 31. exf6 Kxf6 32. g4 Ke6 33. Kd3
Kd5 34. Re4 Rf8 35. Ke3 b5 36. h4 c4 37. bxc4+ bxc4 38. Re5+ Kd6 39. Ra5 c3 40.
Rxa3 Kd5 41. Rxc3 c5 42. a4 Re8+ 43. Kf3 Kd4 44. Ra3 c4 45. f5 g5 46. hxg5 hxg5
47. a5 c3 48. Ra4+ Kd3 49. a6 c2 50. Ra1 Kd2 51. a7 Ra8 52. f6 Rxa7 53. Rxa7
c1=Q 54. f7 Qc6+ 55. Kg3 Qd6+ 56. Kh3 Ke2 57. Kg2 Qd5+ 58. Kg3 Qe5+ 59. Kg2
Qe4+ 60. Kg3 Qf3+ 61. Kh2 Qf2+ 62. Kh3 Qh4+ 63. Kg2 Qxg4+ 64. Kh2 Qf4+ 65. Kg2
Qf3+ 66. Kg1 Qf2+ 67. Kh1 Ke3 68. Re7+ Kd4 69. Ra7 Ke5 70. Ra5+ Ke6 71. Ra6+
Kxf7 72. Rh6 Kg7 73. Rh7+ Kf8 74. Rh8+ Ke7 75. Re8+ Kd6 76. Rd8+ Ke5 77. Re8+
Kf4 78. Re4+ Kf3 79. Rf4+ Ke2 80. Re4+ Kf1 81. Rf4 g4 82. Rxf2+ Kxf2 83. Kh2
g3+ 84. Kh3 0-1

[Event "Kharkov Region-ch 9900"]
[Site "Kharkov"]
[Date "1999.??.??"]
[Round "?"]
[White "Savon, Vladimir A"]
[Black "Andreev, Eduard"]
[Result "1-0"]
[WhiteElo "2427"]
[BlackElo "2365"]
[PlyCount "73"]
[EventDate "1999.??.??"]
[EventType "tourn"]
[EventRounds "11"]
[EventCountry "UKR"]
[EventCategory "7"]
[SourceTitle "EXT 2006"]
[Source "ChessBase"]
[SourceDate "2005.11.24"]
[SourceVersion "1"]
[SourceVersionDate "2005.11.24"]
[SourceQuality "1"]

1. c4 Nf6 2. Nf3 c5 3. Nc3 e6 4. g3 b6 5. e4 Bb7 6. Qe2 Nc6 7. Bg2 d6 8. O-O
Be7 9. Rd1 a6 10. d4 cxd4 11. Nxd4 Nxd4 12. Rxd4 Qc7 13. b3 b5 14. Bb2 e5 15.
Rdd1 b4 16. Nd5 Bxd5 17. cxd5 O-O 18. Rdc1 Qb7 19. Bh3 Ne8 20. Rc6 a5 21. Rac1
a4 22. R1c2 axb3 23. axb3 Bd8 24. Kg2 Qa7 25. Qb5 Rb8 26. Qa6 Bb6 27. Qxa7 Bxa7
28. f4 f6 29. Be6+ Kh8 30. Rc8 Rb7 31. R2c6 g6 32. Rxd6 Nxd6 33. Rxf8+ Kg7 34.
Rg8+ Kh6 35. fxe5 fxe5 36. Bc1+ Kh5 37. Kh3 1-0

[Event "Kharkov Region-ch 9900"]
[Site "Kharkov"]
[Date "1999.??.??"]
[Round "?"]
[White "Savon, Vladimir A"]
[Black "Maly, Alexey"]
[Result "1-0"]
[WhiteElo "2427"]
[BlackElo "2397"]
[PlyCount "153"]
[EventDate "1999.??.??"]
[EventType "tourn"]
[EventRounds "11"]
[EventCountry "UKR"]
[EventCategory "7"]
[SourceTitle "EXT 2006"]
[Source "ChessBase"]
[SourceDate "2005.11.24"]
[SourceVersion "1"]
[SourceVersionDate "2005.11.24"]
[SourceQuality "1"]

1. e4 e5 2. Nf3 Nc6 3. Bb5 a6 4. Ba4 Nf6 5. Qe2 b5 6. Bb3 Be7 7. d4 d6 8. dxe5
dxe5 9. O-O Bg4 10. c3 O-O 11. h3 Bxf3 12. Qxf3 Na5 13. Bc2 Nc4 14. Rd1 Qc8 15.
b3 Nd6 16. Nd2 Qb7 17. Re1 Nd7 18. Nf1 Nc5 19. Ne3 Bg5 20. Ba3 Bxe3 21. Qxe3
Ne6 22. Rad1 Rfd8 23. Rd5 f6 24. Red1 Nf7 25. g3 c6 26. Rxd8+ Rxd8 27. h4 Qc7
28. Bc1 Nd6 29. a4 Nc8 30. Qe2 Rxd1+ 31. Bxd1 Nd6 32. Ba3 Qd8 33. Bc2 Nf7 34.
b4 Nd6 35. Bb3 Qe7 36. Bc1 Kh8 37. Qd3 Nc7 38. Be3 Nb7 39. Bb6 Ne8 40. Qe3 Qd6
41. Kg2 Qe7 42. Qe2 Qd7 43. c4 Nbd6 44. Qd3 Qe7 45. Bc5 bxa4 46. Bxa4 Qc7 47.
Bb3 Nb7 48. Be3 Qd6 49. Qc3 c5 50. Ba4 Nc7 51. bxc5 Nxc5 52. Bxc5 Qxc5 53. Qd3
Qd4 54. Qxd4 exd4 55. c5 Kg8 56. Kf3 Kf7 57. Ke2 Ke7 58. Kd3 Ne6 59. Kc4 d3 60.
f4 d2 61. f5 Nc7 62. Kd3 g6 63. Kxd2 gxf5 64. exf5 Nd5 65. Kd3 Kd8 66. Kd4 Ne7
67. g4 h6 68. Ke4 Kc7 69. g5 hxg5 70. hxg5 fxg5 71. f6 Ng6 72. Kf5 Nf8 73. Kxg5
Ne6+ 74. Kf5 Nf8 75. f7 Kd8 76. Kf6 a5 77. c6 1-0

[Event "Kharkov Region-ch 9900"]
[Site "Kharkov"]
[Date "1999.??.??"]
[Round "?"]
[White "Savon, Vladimir A"]
[Black "Zubarev, Alexander2"]
[Result "1-0"]
[WhiteElo "2427"]
[BlackElo "2478"]
[PlyCount "87"]
[EventDate "1999.??.??"]
[EventType "tourn"]
[EventRounds "11"]
[EventCountry "UKR"]
[EventCategory "7"]
[SourceTitle "EXT 2006"]
[Source "ChessBase"]
[SourceDate "2005.11.24"]
[SourceVersion "1"]
[SourceVersionDate "2005.11.24"]
[SourceQuality "1"]

1. d4 g6 2. c4 Bg7 3. Nc3 d6 4. e4 e5 5. Be3 Nc6 6. Nge2 exd4 7. Nxd4 Nge7 8.
Be2 O-O 9. O-O f5 10. Qd2 fxe4 11. Nxe4 Nf5 12. Nxf5 Bxf5 13. Nc3 Qf6 14. Rad1
Kh8 15. Nd5 Qf7 16. b3 a5 17. Bd3 Be6 18. Be4 Rae8 19. f3 Bf5 20. Bxf5 gxf5 21.
Kh1 b6 22. Rfe1 Ne5 23. Bd4 b5 24. Bxe5 dxe5 25. cxb5 Rd8 26. Qd3 e4 27. Qc4
exf3 28. gxf3 Qh5 29. Qf1 a4 30. bxa4 Qh4 31. a5 Rd6 32. a6 c6 33. Ne3 Rh6 34.
Re2 cxb5 35. a7 Be5 36. Nxf5 Qxh2+ 37. Rxh2 Rxh2+ 38. Kg1 Rg8+ 39. Ng3 Rxa2 40.
f4 Bf6 41. Qf3 Bh4 42. Qc3+ Rg7 43. Kf1 Raxa7 44. Nf5 1-0

[Event "Kharkov Region-ch 9900"]
[Site "Kharkov"]
[Date "1999.??.??"]
[Round "?"]
[White "Simantsev, Mikhail"]
[Black "Savon, Vladimir A"]
[Result "0-1"]
[WhiteElo "2409"]
[BlackElo "2427"]
[PlyCount "60"]
[EventDate "1999.??.??"]
[EventType "tourn"]
[EventRounds "11"]
[EventCountry "UKR"]
[EventCategory "7"]
[SourceTitle "EXT 2006"]
[Source "ChessBase"]
[SourceDate "2005.11.24"]
[SourceVersion "1"]
[SourceVersionDate "2005.11.24"]
[SourceQuality "1"]

1. d4 e6 2. c4 Bb4+ 3. Nd2 Nf6 4. Ngf3 d6 5. a3 Bxd2+ 6. Bxd2 Qe7 7. Qc2 e5 8.
d5 a5 9. e4 Nbd7 10. Bd3 Nc5 11. O-O a4 12. Bc3 O-O 13. Nd2 Nh5 14. g3 f5 15.
exf5 Nxd3 16. Qxd3 Bxf5 17. Qe2 Qg5 18. Kh1 Qg6 19. Rg1 Bd3 20. Qe3 Nf6 21. f3
b5 22. cxb5 Nxd5 23. Qe1 Bxb5 24. Rd1 Bd3 25. Rg2 c5 26. Rf2 c4 27. Nf1 e4 28.
fxe4 Rxf2 29. Qxf2 Rf8 30. Qd4 Nxc3 0-1

[Event "October GM"]
[Site "Ukraine"]
[Date "1999.??.??"]
[Round "?"]
[White "Agopov, Mikael"]
[Black "Savon, Vladimir A"]
[Result "0-1"]
[WhiteElo "2398"]
[BlackElo "2427"]
[PlyCount "112"]
[EventDate "1999.??.??"]
[EventType "tourn"]
[EventRounds "11"]
[EventCountry "UKR"]
[EventCategory "7"]
[SourceTitle "EXT 2002"]
[Source "ChessBase"]
[SourceDate "2001.11.25"]
[SourceVersion "1"]
[SourceVersionDate "2001.11.25"]
[SourceQuality "1"]

1. Nf3 Nf6 2. c4 e6 3. Nc3 Bb4 4. Qc2 c5 5. a3 Bxc3 6. Qxc3 O-O 7. g3 b6 8. b4
Bb7 9. Bg2 Nc6 10. O-O d6 11. b5 Ne7 12. Bb2 Qc7 13. d3 e5 14. e4 a6 15. a4
axb5 16. axb5 Rxa1 17. Rxa1 Ng6 18. Nd2 Rc8 19. Rf1 Qe7 20. Bh3 Nd7 21. f4 f6
22. Bxd7 Qxd7 23. f5 Nh8 24. h4 Ra8 25. Nf3 Nf7 26. g4 g6 27. Qc2 gxf5 28. gxf5
Kh8 29. Rc1 Rg8+ 30. Kf2 Qc8 31. Bc3 Kg7 32. Nd2 Kf8 33. Qa2 Qb8 34. Nf3 Ke7
35. h5 Kd7 36. Rg1 Rxg1 37. Kxg1 Qg8+ 38. Qg2 Qxg2+ 39. Kxg2 Ke7 40. h6 Bc8 41.
Nh2 Bd7 42. Kg3 d5 43. Kf3 dxc4 44. dxc4 Nd6 45. Ng4 Be8 46. Nf2 Bh5+ 47. Kg3
Be2 48. Be1 Bxc4 49. Kf3 Bxb5 50. Ke3 Bc6 51. Kd3 b5 52. Bd2 b4 53. Be1 c4+ 54.
Ke3 c3 55. Kd3 Bxe4+ 56. Nxe4 c2 0-1

[Event "Orel"]
[Site "Orel"]
[Date "1999.??.??"]
[Round "?"]
[White "Savon, Vladimir A"]
[Black "Yagupov, Igor"]
[Result "1-0"]
[WhiteElo "2427"]
[BlackElo "2450"]
[PlyCount "77"]
[EventDate "1999.??.??"]
[EventType "tourn"]
[EventRounds "11"]
[EventCountry "RUS"]
[SourceTitle "EXT 2001"]
[Source "ChessBase"]
[SourceDate "2000.11.22"]
[SourceVersion "1"]
[SourceVersionDate "2000.11.22"]
[SourceQuality "1"]

1. c4 c6 2. e4 d5 3. cxd5 cxd5 4. exd5 Nf6 5. Nc3 Nxd5 6. Nf3 e6 7. Bc4 Nc6 8.
O-O Be7 9. d4 Nxc3 10. bxc3 O-O 11. Bd3 Bf6 12. Re1 Qa5 13. Qc2 g6 14. Rb1 a6
15. Bh6 Rd8 16. h4 b5 17. Be4 Bd7 18. h5 Be8 19. hxg6 hxg6 20. Bxc6 Bxc6 21.
Rxe6 Bg7 22. Bxg7 Bxf3 23. Bf6 Bd5 24. Bxd8 Rxd8 25. Re5 Rd6 26. c4 bxc4 27.
Qxc4 Qd8 28. Qe2 Be6 29. d5 Rxd5 30. Rxe6 fxe6 31. Qxe6+ Kg7 32. Qxa6 Rd2 33.
Qa7+ Kf6 34. Re1 Rd1 35. Qe3 Rd2 36. a4 Qd5 37. Qf4+ Kg7 38. Re7+ Kg8 39. Qb8+
1-0

[Event "UKR ol"]
[Site "Alushta"]
[Date "1999.??.??"]
[Round "?"]
[White "Savon, Vladimir A"]
[Black "Murashko, Vyacheslav L"]
[Result "1-0"]
[WhiteElo "2427"]
[BlackElo "2455"]
[PlyCount "87"]
[EventDate "1999.05.12"]
[EventType "team"]
[EventRounds "11"]
[EventCountry "UKR"]
[SourceTitle "EXT 2001"]
[Source "ChessBase"]
[SourceDate "2000.11.22"]
[SourceVersion "1"]
[SourceVersionDate "2000.11.22"]
[SourceQuality "1"]

1. d4 Nf6 2. Nf3 e6 3. c4 b6 4. g3 Ba6 5. Nbd2 Bb4 6. Qc2 Bb7 7. Bg2 Be4 8. Qd1
Nc6 9. O-O Bxd2 10. Qxd2 Qe7 11. b3 O-O 12. Bb2 d6 13. Qc3 a5 14. Bh3 Rfe8 15.
Nd2 e5 16. dxe5 Nxe5 17. Nxe4 Nxe4 18. Qd4 Nf6 19. Bg2 Rad8 20. h3 Ned7 21.
Rfe1 Nc5 22. Bc6 Ne6 23. Qd2 Nd7 24. Qc3 Rf8 25. f4 f6 26. Bg2 Nec5 27. e4 Rde8
28. Re2 Qd8 29. Rae1 Re7 30. Qc2 Qe8 31. a3 Nb8 32. b4 axb4 33. axb4 Na4 34.
Ba1 b5 35. Kh2 bxc4 36. Qxc4+ Kh8 37. e5 fxe5 38. fxe5 Nb6 39. exd6 Nxc4 40.
Rxe7 Qg6 41. dxc7 Na6 42. Bxg7+ Qxg7 43. Rxg7 Kxg7 44. Rc1 1-0